Strategic Marketing Problems Cases and Comments
Salvato in:
| Autore principale: | |
|---|---|
| Altri autori: | |
| Natura: | Libro |
| Lingua: | inglese |
| Pubblicazione: |
Newton
Allyn and Bacon
1984
|
| Edizione: | 3. ed. |
| Soggetti: | |
| Tags: |
Nessun Tag, puoi essere il primo ad aggiungerne!!
|
MARC
| LEADER | 00000nam a2200000 4500 | ||
|---|---|---|---|
| 001 | c001079 | ||
| 005 | 20221221074749.6 | ||
| 020 | |a 0-205-08104-5 | ||
| 041 | 0 | |a eng | |
| 044 | |a US | ||
| 245 | 1 | 0 | |a Strategic Marketing Problems |b Cases and Comments |c Roger A. Kerin, Robert A. Peterson |
| 250 | |a 3. ed. | ||
| 264 | 1 | |a Newton |b Allyn and Bacon |c 1984 | |
| 300 | |a 678 s. | ||
| 610 | 2 | 0 | |a marketing |
| 610 | 2 | 0 | |a stratégia podniková |
| 610 | 2 | 0 | |a štúdie prípadové |
| 610 | 2 | 0 | |a manažment |
| 610 | 2 | 0 | |a riadenie strategické |
| 610 | 2 | 0 | |a financie podnikové |
| 610 | 2 | 0 | |a rozhodovanie podnikové |
| 610 | 2 | 0 | |a analýza trhu |
| 610 | 2 | 0 | |a výrobky |
| 610 | 2 | 0 | |a služby |
| 610 | 2 | 0 | |a komunikácia |
| 610 | 2 | 0 | |a tvorba cien |
| 610 | 2 | 0 | |a podnik |
| 610 | 2 | 0 | |a USA |
| 100 | 1 | |a Kerin, Roger A. | |
| 700 | 1 | |a Peterson, Robert A. | |